00214nam a2200085 a 450000500170000000800410001705000220005824500240008044000240010420140414093841.0090511s19uu xx 00 eng d aVHS 912bMYS 1998 aMysteries of Egypt. aNational Geographic